000 00510cam a2200205ua 4500
001 10295
005 20260515114614.0
008 180314n ii |||gr||||Z||||||eng
020 _a9789332585096
040 _cMAIN
082 _a338.5
100 _aPindyck, Robert S.,
_eAuthor.
245 _aMicroeconomics
_cBy Robert S Pindyck
250 _a8th ed.
260 _aNoida:
_bPearson,
_c2017.
_aChennai:
300 _a741p.
653 _aProduction
700 _aRubinfeld, Daniel L.,
_eAuthor.
942 _cBK
999 _c9281
_d9281